| Tag |
First Indicator |
Second Indicator |
Subfields |
| LEADER |
00000cam a2200000 a 4500 |
| 001 |
in00001330321 |
| 005 |
20151005082257.0 |
| 008 |
960520s1996 nyua 001 0aeng |
| 010 |
|
|
|a 96022928
|
| 020 |
|
|
|a 0060173629
|
| 035 |
|
|
|a (OCoLC)34782719
|
| 035 |
|
|
|9 AHD5113AM
|
| 040 |
|
|
|a DLC
|c DLC
|d TXA
|d UtOrBLW
|
| 043 |
|
|
|a n-us---
|
| 049 |
|
|
|a TXAM
|
| 050 |
0 |
0 |
|a E840.8.Y64
|b A3 1996
|
| 082 |
0 |
0 |
|a 323/.092
|a B
|2 20
|
| 100 |
1 |
|
|a Young, Andrew,
|d 1932-
|
| 245 |
1 |
3 |
|a An easy burden :
|b the civil rights movement and the transformation of America /
|c Andrew Young.
|
| 250 |
|
|
|a 1st ed.
|
| 264 |
|
1 |
|a New York :
|b HarperCollins Publishers,
|c [1996]
|
| 264 |
|
4 |
|c ©1996
|
| 300 |
|
|
|a x, 550 pages :
|b illustrations ;
|c 25 cm.
|
| 336 |
|
|
|a text
|b txt
|2 rdacontent
|
| 337 |
|
|
|a unmediated
|b n
|2 rdamedia
|
| 338 |
|
|
|a volume
|b nc
|2 rdacarrier
|
| 500 |
|
|
|a Includes index.
|
| 600 |
1 |
0 |
|a Young, Andrew,
|d 1932-
|
| 650 |
|
0 |
|a Civil rights workers
|z United States
|v Biography.
|
| 650 |
|
0 |
|a African Americans
|x Civil rights.
|
| 650 |
|
0 |
|a Civil rights movements
|z United States
|x History
|y 20th century.
|
| 999 |
|
|
|a MARS
|
| 999 |
f |
f |
|s 26f91de5-cdec-3151-a88c-799a2cdbca4d
|i fac5d64a-ffcf-3a96-a0cc-a36ae5f2148a
|t 0
|
| 952 |
f |
f |
|p ric
|a Texas A&M University
|b Rellis Campus
|c Joint Library Facility
|d Remote Storage
|t 0
|e E840.8.Y64 A3 1996
|h Library of Congress classification
|i unmediated -- volume
|m A14820571311
|
| 998 |
f |
f |
|a E840.8.Y64 A3 1996
|t 0
|l Remote Storage
|